Jumlat ismiyyat dan jumlat fic'liyyat : satu kajian kes terhadap bahasa arab pelajar tingkatan empat dan lima sekolah menengah kebangsaan agama Kelantan /
Saved in:
| 主要作者: | |
|---|---|
| 格式: | Thesis 圖書 |
| 語言: | Malay |
| 出版: |
2000.
|
| 主題: | |
| 標簽: |
添加標簽
沒有標簽, 成為第一個標記此記錄!
|
| LEADER | 01350cam a2200289 a 4500 | ||
|---|---|---|---|
| 001 | u484364 | ||
| 003 | SIRSI | ||
| 008 | 930723s2000 my t q00 11 may m | ||
| 035 | |a ACP-8670 | ||
| 040 | |a UMM |d UMB | ||
| 043 | |a a-my-ke | ||
| 090 | |a PB12 |b UM 2000 Zulj | ||
| 093 | |a PB12 |b UM 2000 Zulj | ||
| 100 | 0 | 0 | |a Zulkefli Junoh. |
| 245 | 1 | 0 | |a Jumlat ismiyyat dan jumlat fic'liyyat : |b satu kajian kes terhadap bahasa arab pelajar tingkatan empat dan lima sekolah menengah kebangsaan agama Kelantan / |c Zulkefli bin Junoh. |
| 260 | |c 2000. | ||
| 300 | |a xxiv, 167 leaves : |b ill. ; |c 30 cm. | ||
| 502 | |a Dissertation (M.M.L.S.) -- Fakulti Bahasa dan Linguistik, Universiti Malaya, 2000. | ||
| 504 | |a Bibliography : leaves 154-158. | ||
| 650 | 0 | |a Arabic language |x Study and teaching | |
| 710 | 2 | 0 | |a Universiti Malaya. |b Fakulti Bahasa dan Linguistik. |
| 856 | |f IARC:A511964137 |z Click Here for Abstract and Table of Contents | ||
| 948 | |a 28/06/2001 |b 13/01/2003 | ||
| 596 | |a 1 6 | ||
| 999 | |a PB12 UM 2000 ZULJ |w LC |c 1 |i A509555959 |d 28/1/2014 |e 28/1/2014 |l B_KOM4 |m P01UTAMA |n 10 |r Y |s Y |t TESIS |u 3/7/2001 |o .PUBLIC. BKOM 4 : 42485 | ||
| 999 | |a PB12 UM 2000 ZULJ |w LC |c 2 |i A510574097 |d 4/3/2017 |e 4/3/2017 |l STACKS |m P01UTAMA |n 5 |r Y |s Y |t TESIS |u 12/12/2001 | ||
| 999 | |a PB12 UM 2000 ZULJ |w LC |c 1 |i A503733133 |d 27/3/2012 |e 27/3/2012 |l STACKS |m P06BAHASA |n 1 |r Y |s Y |t TESIS |u 14/9/2001 | ||
